ՀՀ Գիտությունների ազգային ակադեմիայի հիմնարար գիտական գրադարան  =   Fundamental Scientific Library of NAS RA

Избранныя речи и статьи Генри Джорджа / (Record no. 149125)

MARC details
000 -LEADER
fixed length control field 00978nam a2200229 u 4500
001 - CONTROL NUMBER
control field 000393200
003 - CONTROL NUMBER IDENTIFIER
control field AM-YeHGA
005 - DATE AND TIME OF LATEST TRANSACTION
control field 20250617132325.0
008 - FIXED-LENGTH DATA ELEMENTS--GENERAL INFORMATION
fixed length control field 041208s1905 ||||||||||||||||||||rus d
040 ## - CATALOGING SOURCE
Original cataloging agency AM-YeHGA
041 1# - LANGUAGE CODE
Language code of text/sound track or separate title rus
Language code of original eng
090 ## - LOCALLY ASSIGNED LC-TYPE CALL NUMBER (OCLC); LOCAL CALL NUMBER (RLIN)
-- 150514
100 1# - MAIN ENTRY--PERSONAL NAME
Personal name Джордж, Генри.
245 10 - TITLE STATEMENT
Title Избранныя речи и статьи Генри Джорджа /
Statement of responsibility, etc. Генри Джорджа ; Пер. с англ. С.Д. Николаева.
250 ## - EDITION STATEMENT
Edition statement 2-е изд.
260 ## - PUBLICATION, DISTRIBUTION, ETC.
Place of publication, distribution, etc. Москва :
Name of publisher, distributor, etc. Т-ва И.Н. Кушнерев и К,
Date of publication, distribution, etc. 1905.
300 ## - PHYSICAL DESCRIPTION
Extent 391 с.
440 #0 - SERIES STATEMENT/ADDED ENTRY--TITLE
Title Издание "Посредника" для интеллигентных читателей
Volume/sequential designation Т. 126
500 ## - GENERAL NOTE
General note С портретом Генри Джорджа и его биографией, составленной переводчиком
650 14 - SUBJECT ADDED ENTRY--TOPICAL TERM
Topical term or geographic name entry element Общественные науки в целом
700 1# - ADDED ENTRY--PERSONAL NAME
Personal name Николаев, С.Д.
Relator term пер.
Relationship trl
Holdings
Withdrawn status Lost status Damaged status Not for loan Collection Home library Current library Date acquired Total checkouts Full call number Barcode Date last seen Price effective from Koha item type Public note
        General Fundamental Scientific Library Fundamental Scientific Library 28/12/2016   PII/487126 FL0263855 28/12/2016 28/12/2016 Գրքեր / Books 30 Days Loan


ՀՀ ԳԱԱ հիմնարար գիտական գրադարան
ՀՀ,Երևան 0019
Մարշալ Բաղրամյան 24/6
հեռախոս:(374-10) 52-47-50
Հետադարձ կապ

All site content, except where otherwise noted, is licensed under a
Creative Commons License